[Event "Doeberl Cup Minor 48th"]
[Site "Canberra"]
[Date "2010.04.05"]
[Round "7"]
[White "Stewart, Matthew"]
[Black "Dilnutt, Charlotte"]
[Result "1-0"]
[WhiteElo "924"]
[BlackElo "486"]
[PlyCount "55"]
[EventDate "2010.04.02"]
[EventType "swiss"]
[EventRounds "7"]
[EventCountry "AUS"]
[SourceTitle "EXT 2012"]
[Source "ChessBase"]
[SourceDate "2011.11.24"]
[SourceVersion "1"]
[SourceVersionDate "2011.11.24"]
[SourceQuality "1"]

1. e4 c5 2. Nf3 e6 3. d4 cxd4 4. Nxd4 Nf6 5. Nc3 Bb4 6. Bd3 h6 7. Bd2 Nc6 8. Nxc6 bxc6 9. 0-0 d5 10. exd5 cxd5 11. a3 Ba5 12. Bb5+ Bd7 13. Bxd7+ Qxd7 14. Ne4 Bd8 15. Nxf6+ Bxf6 16. Rb1 h5 17. Bb4 h4 18. Qf3 e5 19. Rfe1 Rb8 20. Rbd1 d4 21. c3 Kd8 22. cxd4 exd4 23. Ba5+ Rb6 24. Qa8+ Qc8 25. Qxa7 Qc6 26. Bxb6+ Kc8 27. Rc1 Qxc1 28. Rxc1# 1-0

[Event "Doeberl Cup Minor 48th"]
[Site "Canberra"]
[Date "2010.04.02"]
[Round "1"]
[White "Dilnutt, Charlotte"]
[Black "Eriksson, Caleb"]
[Result "0-1"]
[WhiteElo "486"]
[BlackElo "1296"]
[PlyCount "88"]
[EventDate "2010.04.02"]
[EventType "swiss"]
[EventRounds "7"]
[EventCountry "AUS"]
[SourceTitle "EXT 2012"]
[Source "ChessBase"]
[SourceDate "2011.11.24"]
[SourceVersion "1"]
[SourceVersionDate "2011.11.24"]
[SourceQuality "1"]

1. e4 e6 2. d4 d5 3. Nc3 Bb4 4. e5 c5 5. Nf3 Qc7 6. Bd2 cxd4 7. Nxd4 Qxe5+ 8. Nde2 Nf6 9. f4 Qc7 10. Nb5 Bxd2+ 11. Qxd2 Qb6 12. Ned4 0-0 13. Qc3 Na6 14. 0-0-0 Bd7 15. Qg3 Rac8 16. h4 Qc5 17. h5 h6 18. Qc3 Bxb5 19. Qxc5 Nxc5 20. Nxb5 Nfe4 21. Rh4 a6 22. Nd4 Ng3 23. Bd3 Nxd3+ 24. Rxd3 Ne4 25. f5 Ng5 26. fxe6 fxe6 27. Re3 Rf1+ 28. Kd2 Ne4+ 29. Kd3 Rd1+ 30. Ke2 Rxd4 31. Kf3 Nd2+ 32. Kg3 Nf1+ 33. Kh3 Rxh4+ 34. Kxh4 Nxe3 35. c3 Rf8 36. Kh3 Nxg2 37. Kxg2 e5 38. Kh2 e4 39. Kg3 e3 40. Kg2 e2 41. Kh3 e1Q 42. Kh2 Qe3 43. Kg2 Rf2+ 44. Kg1 Qe1# 0-1

[Event "AUS-ch U18 Girls"]
[Site "Sandy Bay"]
[Date "2010.01.21"]
[Round "6"]
[White "Yum, Jenny"]
[Black "Dilnutt, Charlotte"]
[Result "1-0"]
[WhiteElo "604"]
[BlackElo "355"]
[PlyCount "119"]
[EventDate "2010.01.14"]
[EventType "swiss"]
[EventRounds "9"]
[EventCountry "AUS"]
[SourceTitle "EXT 2011"]
[Source "ChessBase"]
[SourceDate "2010.11.26"]
[SourceVersion "1"]
[SourceVersionDate "2010.11.26"]
[SourceQuality "1"]

1. e4 c5 2. Nf3 e6 3. Nc3 d6 4. g3 Nf6 5. d3 Nc6 6. Bg5 h6 7. Be3 d5 8. exd5 exd5 9. d4 c4 10. Bg2 Be6 11. 0-0 Bd6 12. b3 0-0 13. bxc4 dxc4 14. d5 Nxd5 15. Nxd5 Be5 16. Nxe5 Nxe5 17. Rb1 Rb8 18. Bxa7 Ra8 19. Rxb7 Qa5 20. Ne7+ Kh8 21. Bd4 Rfd8 22. Nc6 Nxc6 23. Bxc6 Qxa2 24. Rb2 Qxb2 25. Bxb2 Rxd1 26. Bxa8 Rd2 27. Rc1 Bf5 28. Bc3 Re2 29. Bd5 Bxc2 30. Bxc4 Re4 31. Bxf7 Ba4 32. Bg6 Re6 33. Bc2 Bc6 34. Rd1 Kg8 35. Bb3 Kf7 36. Re1 Bd7 37. Bxe6+ Bxe6 38. Rxe6 Kxe6 39. Bxg7 h5 40. h4 Kf7 41. Bb2 Kg6 42. Kg2 Kf5 43. Kh3 Kg6 44. g4 Kh6 45. gxh5 Kxh5 46. Kg3 Kh6 47. Kg4 Kg6 48. Bc1 Kh7 49. Kg5 Kg7 50. h5 Kh7 51. Bb2 Kg8 52. Kg6 Kf8 53. h6 Kg8 54. h7+ Kf8 55. h8Q+ Ke7 56. Qf6+ Kd7 57. Be5 Ke8 58. Qf7+ Kd8 59. f3 Kc8 60. Qc7# 1-0

[Event "AUS-ch U18 Girls"]
[Site "Sandy Bay"]
[Date "2010.01.18"]
[Round "3"]
[White "Pretorius, Jana"]
[Black "Dilnutt, Charlotte"]
[Result "1-0"]
[WhiteElo "1094"]
[BlackElo "355"]
[PlyCount "61"]
[EventDate "2010.01.14"]
[EventType "swiss"]
[EventRounds "9"]
[EventCountry "AUS"]
[SourceTitle "EXT 2011"]
[Source "ChessBase"]
[SourceDate "2010.11.26"]
[SourceVersion "1"]
[SourceVersionDate "2010.11.26"]
[SourceQuality "1"]

1. d4 d5 2. Nf3 Nf6 3. e3 e6 4. Bd3 c5 5. c3 Bd6 6. Nbd2 0-0 7. 0-0 Nc6 8. dxc5 Bxc5 9. e4 dxe4 10. Nxe4 Nxe4 11. Bxe4 Qc7 12. Qe2 Rd8 13. b4 Bd6 14. Rd1 Ne5 15. Nxe5 Bxe5 16. Rxd8+ Qxd8 17. Bb2 Qh4 18. Bxh7+ Qxh7 19. Qxe5 Bd7 20. Qc7 Bc6 21. c4 Qe4 22. Qg3 g6 23. b5 Qc2 24. Qe5 Kf8 25. Qg7+ Ke7 26. Ba3+ Kd7 27. Qxf7+ Kd8 28. bxc6 bxc6 29. Qe7+ Kc8 30. Bd6 Rb8 31. Qc7# 1-0